| 000 | 00594nam a2200193 4500 | ||
|---|---|---|---|
| 999 |
_c13763 _d13763 |
||
| 003 | MIRAKIL | ||
| 005 | 20200212120310.0 | ||
| 008 | 200212b tu ||||| |||| 00| 0 tur d | ||
| 020 | _a9786059350990 | ||
| 040 |
_aTR-AnCHP _cTR-AnCHP |
||
| 041 | _atur | ||
| 082 |
_aATA 956.1024092 _bB24s 2017 |
||
| 100 | 1 |
_aBalbay, Mustafa _d1960- |
|
| 245 | 1 | 0 |
_aSavaşın ve barışın kahramanı dünya lideri Atatürk / _cMustafa Balbay |
| 260 |
_aİstanbul: _bHalk Kitabevi, _c2017. |
||
| 300 |
_a242 s.: _bfotg.; _c21 sm. |
||
| 600 | 1 | 4 |
_91465 _aAtatürk, Gazi Mustafa Kemal _d1881-1938 |
| 942 |
_2ddc _cBKS |
||